| 000 | 00955nam a2200241 i 4500 | ||
|---|---|---|---|
| 001 | 188310 | ||
| 003 | SpMaBN | ||
| 005 | 20240615063032.0 | ||
| 008 | 180806s1923 sp b |||| |dspa d | ||
| 080 | _a929 Vespucci, Amerigo | ||
| 080 | _a910.4(7/8)"14/15" | ||
| 100 | 1 |
_aFernández de Navarrete, Martín, _d1765-1844 _949698 |
|
| 245 | 1 | 0 |
_aViajes de Américo Vespucio _b: con un mapa / _cM. Fernández de Navarrete. |
| 260 |
_aMadrid : _bCalpe, _c[1923] |
||
| 300 |
_aVIII, 195 p. : _b1 mapa ; _c20 cm. |
||
| 490 | 1 |
_aViajes clásicos ; _v26 |
|
| 600 | 1 | 4 |
_aVespucci, Amerigo- _xViajes. _9165148 |
| 651 | 4 |
_aAmérica- _xDescubrimientos y exploraciones- _xEspañoles. _9138324 |
|
| 651 | 4 |
_aAmérica- _xDescubrimientos y exploraciones- _xPortugueses. _9165149 |
|
| 830 | 1 |
_aViajes clásicos ; _v26 _9193003 |
|
| 852 | 4 |
_aES-MaACL _jL-32208 _z- Donat. herederos de la bibl. de Mª del Pilar Costa Palacín |
|
| 999 |
_c188310 _d188310 |
||